Wird geladen...
Kavitha-puthiya kazhchappaadil
| 1. Verfasser: | |
|---|---|
| Format: | Printed Book |
| Veröffentlicht: |
Telicherry, Allied
1973
|
| Schlagworte: |
| LEADER | 005250000a22001810004500 | ||
|---|---|---|---|
| 022 | |a 05-07-2004 | ||
| 041 | |a Malayalam | ||
| 082 | |a A1 009 KOY/K L3 | ||
| 100 | |a Koyithatta, N | ||
| 245 | |a Kavitha-puthiya kazhchappaadil | ||
| 260 | |a Telicherry, Allied | ||
| 260 | |c 1973 | ||
| 650 | |a Criticism | ||
| 650 | |a Malayalam literature | ||
| 650 | |a Poetry | ||
| 942 | |c BK | ||
| 999 | |c 143647 |d 143643 | ||
| 952 | |0 0 |1 0 |4 0 |6 A_1_009000000000000_KOY_K_L3 |7 0 |9 142428 |a SCC |b SCC |d 2017-10-11 |l 0 |o A1 009 KOY/K L3 |p SCC02404 |r 2017-10-11 |w 2017-10-11 |y BK | ||